[Event "GRE-chT 36th"]
[Site "Kallithea"]
[Date "2008.07.08"]
[Round "4.2"]
[White "Atalik, Suat"]
[Black "Jobava, Baadur"]
[Result "1-0"]
[WhiteElo "2585"]
[BlackElo "2665"]
[Annotator "Atalik,S"]
[PlyCount "64"]
[EventDate "2008.07.06"]
[EventType "team-tourn"]
[EventRounds "7"]
[EventCountry "GRE"]
[SourceTitle "CBM 125"]
[Source "ChessBase"]
[SourceDate "2008.07.30"]
[SourceVersion "1"]
[SourceVersionDate "2008.07.30"]
[SourceQuality "1"]

1. d4 Nf6 2. c4 e6 3. Nf3 c5 4. d5 exd5 ({He is not paying sufficient
intention to the nuances in the move order.} 4... d6 5. Nc3 exd5 6. cxd5 g6) 5.
cxd5 d6 6. Nc3 {I wanted to play a system with Bf4 so I did not care for his
crooked move order.} a6 $6 {This strange move order was picked up by another
Georgian, Pantsulaia, against me in Turin(ol) 2006.} 7. a4 g6 8. Nd2 Nbd7 (8...
Bg7 $6 9. Nc4 O-O 10. Bf4 $16 {looks favorable for White because of the
inclusion of a6 and a4 respectively.}) 9. e4 Bg7 10. Be2 ({I have never found} 
10. Nc4 $6 Nb6 11. Ne3 O-O 12. Bd3 $13 {to be effective.}) 10... O-O 11. O-O
Re8 12. f4 $1 {This is the best.} (12. Ra3 Ne5 (12... Rb8 13. h3 $1 {is my
game with the other Georgian mentioned above.}) 13. Qc2 g5 $132 {is never
simple to judge.}) 12... c4 13. Kh1 Nc5 (13... Qc7 14. Ra2 $5 Rb8 15. e5 $1
dxe5 16. Nxc4 $16 {is very well known.}) 14. e5 dxe5 15. fxe5 {The text has
rightfully a better reputation} ({than Dlugy's} 15. Nxc4 exf4 (15... e4 16. Be3
Nd3 $44) 16. Bxf4 Nce4 17. Nxe4 Nxe4 18. a5 $13) 15... Rxe5 16. Nxc4 {The stem
position for our setup.} Re8 ({Tsesh's} 16... Rxe2 $5 {is highly interesting.})
17. Bg5 Bf5 18. d6 $1 {Apparently everybody likes this move.} (18. a5 {Also
caught my attention during the game.} Rc8 19. Nb6 Rc7 20. Bf4 Rce7 21. d6 Rxe2
22. Nxe2 Bg4 23. Qc2 Bxe2 24. Qxc5 Bxf1 25. Rxf1 $40) 18... h6 (18... Nce4 19.
Nxe4 Rxe4 (19... Bxe4 20. Bf3 $16) 20. Ne3 h6 21. Nxf5 hxg5 22. Ne7+ Kf8 (22...
Kh7 23. Qd3 $16) 23. Bf3 Re6 24. Bxb7 Rxd6 25. Qf3 Rd3 26. Qe2 Rd2 27. Qc4 $16)
(18... Be6 19. a5 $36) (18... Rc8 19. a5 Re6 20. Nd5 $40) 19. Bh4 {I was happy
about my bishop on the diagonal.} (19. Bxf6 {is always an option not to lose
tempi in the attack.} Bxf6 20. Nd5 Re4 (20... Bg5 $2 21. Nc7 Rxe2 22. Qxe2 Bd3
23. Qg4 Bxf1 24. Rxf1 Rc8 25. Ne5 $18) 21. Nce3 Rd4 22. Qe1 Bg5 23. Qc3 $14)
19... Kh7 {I was also considering this good waiting move.} (19... Be6 20. a5
Ncd7 21. Na4 $5 Bxc4 22. Bxc4 Qxa5 23. Qb3 $16) (19... b5 $6 20. axb5 axb5 21.
Rxa8 Qxa8 22. Nb6 $16 (22. Nxb5 $2 Qe4 $1 $17)) 20. a5 (20. Nd5 Re4 21. g4 Rxe2
22. gxf5 Qe8 23. fxg6+ fxg6 24. Nxf6+ Bxf6 25. Qd5 $8 Bg7 (25... Bxh4 $2 26.
Rf7+) 26. Rf7 g5 27. Bg3 Qe4+ 28. Qxe4+ Rxe4 29. Rc1 $1 $16 (29. Be5 $2 Rg8 30.
d7 Nxd7 31. Rxd7 Rxc4 32. Rxb7 $11)) (20. Rxf5 $5 gxf5 21. Qf1 Kg8 (21... b5
22. Qxf5+ Kg8 23. Qxc5 bxc4 24. Bxc4 $16) (21... Kg6 $2 22. Bh5+ Nxh5 23. Bxd8
Raxd8 24. Nd5 $18) 22. Rd1 $16) 20... Rc8 {Draw offer.} 21. d7 $5 {I was
conditioned to play d7 after Rc8 but maybe this is not the best.} (21. Rxf5
$142 gxf5 22. Qf1 Kg8 (22... Kg6 $2 23. Bh5+ $1) 23. Rd1 $44) (21. Bxf6 Bxf6
22. Bg4 Bxg4 23. Qxg4 Bxc3 24. bxc3 f5 $132) 21... Qxd7 22. Nd6 (22. Qxd7 Ncxd7
23. Nd6 Rxc3 24. Nxe8 Rc2 $44) (22. Bxf6 Qxd1 23. Raxd1 Bxf6 24. Nd6 Bxc3 25.
bxc3 Rxe2 26. Nxc8 Be4 27. Rxf7+ Kg8 28. Nd6 Bd5 29. Rc7 Nd3 30. Rc8+ Kg7 31.
Re8 $11 {should end up in a draw.}) 22... Bc2 (22... Red8 23. Nxc8 Qxc8 24. Qe1
Re8 $44) (22... Rcd8 23. Nxe8 Qxe8 24. Qe1 Qe6 $44) 23. Nxe8 Bxd1 24. Nxf6+
Bxf6 25. Raxd1 Bd4 $2 {From this moment on he went downhill.} (25... Qxd1 26.
Nxd1 (26. Bxd1 Bxh4 27. Rxf7+ Kg8 28. Rf4 Be7 29. Rc4 Rd8 30. Bf3 Rd7 $11)
26... Bxh4 27. g3 (27. Rxf7+ Kg8 (27... Kh8 $2 28. g3 Bg5 29. b4 Ne6 30. h4 Bd2
31. Bg4 $16) 28. Bc4 Kh8 29. g3 Ne4 30. Bd5 Nd6 31. gxh4 Nxf7 32. Bxf7 Rf8 33.
Bb3 Rf4 34. Nc3 Rf2 35. Na4 Rf5 $15) 27... Re8 28. Nc3 Be7 29. Rxf7+ Kh8 $14 {
is slightly better for White.}) 26. Bc4 $1 {Did he miss this?} Bxc3 $4 {
This loses on the spot.} (26... Ne6 27. Bb3 $1 {I have analysed the other
greedy lines.} (27. Rxd4 Qxd4 28. Rxf7+ Ng7 29. Bf6 Qxf6 30. Rxf6 Rxc4 31. Rb6
Rc5 $11) (27. Bxe6 fxe6 28. Bf6 Rf8 (28... Rc4 $2 29. Be5 g5 30. Ne2 $18) 29.
Rxd4 Qxd4 30. Bxd4 Rxf1+ 31. Bg1 Ra1 32. b4 Rc1 33. Ne4 Rb1 34. Nd6 Rxb4 35. g3
$16) (27. Ba2 Rc6 28. Bf2 Rd6 29. Bg3 $16) 27... Rc6 28. Ne2 $16) (26... f5 27.
Bf2 $16) (26... Qg4 $2 27. Rxf7+ Bg7 28. Bf6 Rg8 29. Rd4 $18) 27. bxc3 $1 $18 (
27. Rxd7 $2 Nxd7 28. bxc3 Rxc4 29. Rxf7+ Kg8 30. Rxd7 Rxh4 $11 {would have led
to only a draw.}) 27... Qa4 28. Rxf7+ Kg8 (28... Kh8 29. Bf6+ Kg8 30. Rg7+ Kf8
31. Rg8#) 29. Rc7+ Qxc4 30. Rxc8+ Kf7 31. Rc7+ $1 Ke6 32. Re1+ Kf5 (32... Kd5
33. Be7 $18) (32... Kf5 {He resigned before I could pick up my bishop.} 33. Bf2
$18) 1-0

[Event "Niedersachsen-ch"]
[Site "Niedersachsen"]
[Date "1996.??.??"]
[Round "7"]
[White "Vasiljevic, Dragan"]
[Black "Bangiev, Alexander J"]
[Result "0-1"]
[WhiteElo "2375"]
[BlackElo "2405"]
[Annotator "Bangiev,A"]
[PlyCount "60"]
[EventDate "1996.??.??"]
[EventType "swiss"]
[EventRounds "9"]
[EventCountry "GER"]
[SourceTitle "CBM 052"]
[Source "ChessBase"]
[SourceDate "1996.06.01"]
[SourceVersion "1"]
[SourceVersionDate "1996.06.01"]
[SourceQuality "1"]

1. d4 g6 2. Nf3 Bg7 3. e4 c5 4. d5 d6 5. c4 Nf6 6. Nc3 O-O 7. Nd2 e6 8. Be2 Na6
9. O-O Nc7 10. a4 b6 11. f4 {Die scharfe Fortsetzung. Es droht 12.e5} (11. f3
$142 Rb8 12. Kh1) 11... exd5 12. cxd5 Re8 {Der Bauer e4 ist nun ein atraktiver
Angriffsobjekt für Schwarz.} 13. h3 (13. Bf3 Ba6 14. Re1 Bd3 $5 (14... Qd7 $10)
15. e5 $5 (15. Ndb1 c4 $5 $13) (15. Qb3 Ng4 $5 (15... Nh5 $5 16. Bxh5 Bd4+ 17.
Kh1 Qh4 18. Qd1 Qxh5 19. Qxh5 gxh5 $132) 16. Bxg4 Bd4+ 17. Kh1 Qh4 18. Qd1 (18.
Nf3 Qxg4 $132) 18... Bc2 19. Qe2 Bd3 (19... Bxc3 20. g3 $16) 20. Qxd3 (20. Qd1
Bc2 $10) 20... Qxe1+ 21. Qf1 (21. Nf1 f5 $5 $36) 21... Qxf1+ 22. Nxf1 Bxc3 23.
bxc3 Rxe4 $36 24. Bf3 Re1 25. Kg1 (25. Bb2 $6 Rae8 26. Kg1 Rxa1 27. Bxa1 Re1
28. Bb2 Rb1 29. Ba3 Rb3 (29... Ra1 30. Bb2 Rxa4 $15) 30. Bc1 Rxc3 31. Bd2 Ra3
$17) 25... Rae8 26. Kf2 $13) 15... dxe5 16. d6 e4 (16... Qxd6 17. Bxa8 Qd4+ 18.
Kh1 Rxa8 19. Nf3 $14) 17. dxc7 Qd4+ 18. Kh1 exf3 19. Nxf3 Ng4 $5 $36) 13... Rb8
(13... a6 $142 14. Qb3 Rb8 $132) 14. Bb5 $5 Nxb5 (14... Nd7 15. Nc4 a6 16. Bc6
$14) (14... Re7 15. Qc2 a6 16. Bc6 $14) 15. axb5 Ra8 (15... Rb7 $5 16. Qf3 Rbe7
17. Ra4 Nh5 $36) 16. Qf3 Bb7 (16... a6 $5 17. Nc4 Re7 18. e5 Ne8 $13) 17. Qd3 (
17. Nc4 $5 Kh8 $5 (17... Nxe4 $6 18. Nxe4 Bxd5 19. Nf6+ Qxf6 20. Qxd5 Qd4+ 21.
Qxd4 Bxd4+ 22. Kh1 d5 23. Nd2 Re2 24. Nf3 $16) (17... a6 $6 18. e5 $1 (18. bxa6
Bxa6) 18... dxe5 19. fxe5 Bxd5 20. Nxd5 Nxd5 (20... Qxd5 21. exf6) 21. Qxf7+ (
21. Nd6 $5) 21... Kh8 22. Nd6 Rxe5 23. Qb7 $16) 18. e5 $140 dxe5 19. fxe5 Nxd5
20. Qxf7 Re7 $1) 17... Nh5 18. g4 (18. Ra4 Bd4+ 19. Kh2 Qh4 20. g3 Qe7 $132)
18... Bd4+ 19. Kh2 (19. Kg2 Nf6 20. Ne2 Nxe4 (20... Qe7 $5) 21. Nxe4 Bxd5 22.
N2c3 $1 (22. N2g3 f5 $17) 22... Bb7 (22... Bxc3 23. Qxd5 $16) 23. Kh2 d5 $13)
19... Nf6 20. Ra4 $5 (20. Nc4 $2 Bxc3 21. bxc3 Nxe4 $17) (20. Re1 $2 Nxg4+ $1
21. hxg4 Qh4+ $17) (20. Ne2 Qe7 $5 $132) 20... Qe7 $132 21. g5 (21. b3 $6 Nxg4+
$1 22. hxg4 Qh4+ $40) 21... Nh5 22. Rxd4 $6 (22. b3 $142 Bg7 $13) 22... cxd4
23. Qxd4 f6 $15 (23... Rac8 $5 $15) 24. Nc4 $6 (24. Nf3 $142 Rac8 $15) 24...
fxg5 $17 25. f5 (25. fxg5 Rf8 $17) 25... Rf8 (25... gxf5 $6 26. Bxg5 $1 $13)
26. f6 $2 (26. Rg1 h6 $17) 26... Nxf6 27. Bxg5 Ng4+ 28. hxg4 Qxg5 29. Rxf8+
Rxf8 30. e5 Rf4 0-1

[Event "Minsk"]
[Site "Minsk"]
[Date "1995.??.??"]
[Round "2"]
[White "Ivanov, Sergey"]
[Black "Shulman, Yuri"]
[Result "0-1"]
[WhiteElo "2535"]
[BlackElo "2490"]
[Annotator "Belov,I"]
[PlyCount "60"]
[EventDate "1995.??.??"]
[EventType "tourn"]
[EventRounds "13"]
[EventCountry "BLR"]
[EventCategory "10"]
[SourceTitle "CBM 046 Extra"]
[Source "ChessBase"]
[SourceDate "1995.07.01"]
[SourceVersion "1"]
[SourceVersionDate "1995.07.01"]
[SourceQuality "1"]

1. d4 Nf6 2. c4 g6 3. Nc3 Bg7 4. e4 d6 5. f4 O-O 6. Nf3 c5 7. d5 e6 8. Be2 exd5
9. cxd5 Re8 10. e5 dxe5 11. fxe5 Ng4 12. O-O (12. Bg5 Qb6 13. Qd2 (13. O-O Nxe5
14. Nxe5 (14. d6 Qxb2 15. Nd5 Bf5 16. Ne7+ Rxe7 17. dxe7 Nbc6 18. Rc1 Re8 19.
Nxe5 Qxe5 20. Bb5 Be4 $13 {Barsov,A-Marin,M/Budapest op/1990/}) 14... Bxe5 15.
Bc4 Qxb2 16. d6 Rf8 (16... Bf5 $6 17. Rxf5 gxf5 18. Bxf7+ Kf8 19. Bxe8 Qxc3 20.
Be7+ Kxe8 21. Qh5+ Kd7 22. Qxf5+ Kc6 23. Qe4+ Kd7 24. Qxb7+ $44 {Vaiser/}) 17.
Bxf7+ Kg7 18. Bd5 $3 Qxc3 19. Rxf8 Kxf8 20. Qf1+ Bf5 21. Rd1 $36 {Vaiser,
A-Berthelot,Y/FRA/1992/1:0/36/}) 13... Nd7 (13... Nxe5 14. O-O-O Na6 15. Nxe5
Rxe5 16. Bf4 $2 (16. Rhe1 Bd7 17. d6 $13 {Blokh,M}) 16... Re8 17. Rhe1 Bd7 18.
d6 Bc6 $17 {Blokh,M-Lukin,A/RUS-ch/1992/0:1/29/}) 14. d6 (14. e6 Nde5 $13)
14... Ndxe5 15. Nd5 Qxb2 $1 16. Qxb2 Nd3+ 17. Kf1 Nxb2 18. Bb5 Be6 19. Nc7 Red8
20. Nxa8 Rxa8 21. Re1 $13 {Komarov,D-Lamoureux,Ch/Cannes/1993/0,5/33/}) 12...
Nxe5 13. Bf4 Nbd7 (13... Bf5 $5 14. Qd2 Nbd7 15. Rad1 c4 16. Kh1 Nd3 $17 {
Sydor,A-Hever,M/HUN/1976/}) 14. d6 (14. Bb5 $5 Qb6 15. Nxe5 Bxe5 16. Bxe5 Rxe5
17. Qf3 Rf5 18. Qe2) 14... Qb6 15. Nxe5 (15. Nd5 $5 Qxd6 (15... Qxb2 16. Nc7
Nxf3+ 17. Bxf3 Qxa1 18. Qxa1 Bxa1 19. Rxa1 Nf6 20. Nxa8 $18) 16. Nxe5 Bxe5 (
16... Nxe5 17. Bg5 Qc6 18. Ne7+ Rxe7 19. Bxe7 Bf5 $13) 17. Bxe5 Qxe5 $8 18. Bb5
f5 19. Qd2 $44) 15... Nxe5 $1 (15... Qxb2 16. Na4 Qb4 $13 {Kende,G-Sirkija/URS/
1967/}) 16. Bxe5 $6 (16. Nd5 $5 Qxd6 17. Bg5) 16... Rxe5 17. d7 Bxd7 18. Qxd7
Qxb2 19. Rac1 $2 (19. Qxf7+ Kh8 20. Bf3 Qxc3 21. Qxb7 $15) 19... Rf5 $1 20. Bf3
(20. Rxf5 gxf5 $1 (20... Qxc1+ 21. Rf1 Qxc3 22. Qxf7+ Kh8 23. Qxb7 $15) 21. Rf1
Qxc3 $17) 20... Bxc3 21. Rb1 Qxa2 22. Rxb7 a5 $19 23. Rd1 Bd4+ 24. Kh1 a4 25.
h3 a3 26. Be4 Qe2 27. Rxd4 a2 28. Bxf5 a1=Q+ 29. Kh2 Qe5+ 30. g3 Qe2# 0-1

[Event "British CF-71 Championship"]
[Site "Brighton/ East Sussex"]
[Date "1984.08.03"]
[Round "5"]
[White "Flear, Glenn C"]
[Black "Lawton, Geoffrey W"]
[Result "1/2-1/2"]
[WhiteElo "2385"]
[BlackElo "2395"]
[Annotator "Bulletin"]
[PlyCount "112"]
[EventDate "1984.07.30"]
[EventType "swiss"]
[EventRounds "11"]
[EventCountry "GBR"]
[SourceTitle "EXT 1999"]
[Source "ChessBase"]
[SourceDate "1998.11.16"]
[SourceVersion "1"]
[SourceVersionDate "1998.11.16"]
[SourceQuality "1"]

1. d4 Nf6 2. c4 e6 3. Nc3 c5 4. d5 exd5 5. cxd5 d6 6. e4 g6 7. f4 Bg7 8. Bb5+
Nfd7 9. a4 O-O 10. Nf3 Na6 11. O-O Nc7 12. Bd3 Re8 13. Nd2 Nf6 14. Be2 b6 15.
Re1 Rb8 16. Bf3 Ba6 17. Ndb1 Nd7 18. Na3 f5 19. exf5 Bd4+ 20. Kh1 Rxe1+ 21.
Qxe1 gxf5 22. Nab5 Nf8 23. Nxd4 cxd4 24. Nb5 Bxb5 25. axb5 Rb7 (25... Nxb5 26.
Be2 Qd7 27. Qf1 $1) 26. Qb4 Qd7 27. Bd2 Nxb5 28. Be2 Nc7 29. Qxd4 Qg7 30. Qd3
Qf7 31. Bc3 Ne8 32. Rg1 Ng6 33. Qd4 Re7 34. Bd3 Ng7 35. h3 h5 36. g3 Nf8 37.
Rg2 Nd7 38. b4 a5 39. Qxg7+ (39. bxa5 bxa5 40. Bxa5 $18) 39... Qxg7 40. Bxg7
Kxg7 41. bxa5 bxa5 42. Bxf5 Nc5 43. g4 h4 44. Be6 Nxe6 45. dxe6 Rxe6 46. Ra2
Re4 47. Rxa5 Rxf4 48. Rh5 Rd4 49. Rxh4 Rd5 50. Kg2 Ra5 51. Kf3 Rb5 52. Kf4 Rb4+
53. Kf5 Rb5+ 54. Ke6 Ra5 55. Kxd6 Rb5 56. Ke6 Ra5 {(An amusing position. White
has only one R move (Rh5) after which Black exchanges and plays Kh6 with a
drawn ending. 57.g5 and Black simply plays Rxg5 with a totally drawn position.
Lastly the white K cannot escape from its incarceration; if it goes to b6,
Black plays Rg5)} 1/2-1/2

[Event "Tbilisi Municipality Cup"]
[Site "Tbilisi"]
[Date "2009.06.19"]
[Round "5"]
[White "Jobava, Baadur"]
[Black "Rasulov, Vugar Ural Oglu"]
[Result "1-0"]
[WhiteElo "2687"]
[BlackElo "2488"]
[Annotator "CB"]
[PlyCount "47"]
[EventDate "2009.06.15"]
[EventType "swiss"]
[EventRounds "9"]
[EventCountry "GEO"]
[SourceTitle "CBM 130 Extra"]
[Source "ChessBase"]
[SourceDate "2009.07.02"]
[SourceVersion "2"]
[SourceVersionDate "2009.07.15"]
[SourceQuality "1"]

{I want to introduce to ChessBase readers miniature from Tbilisi Municipality
Cup.} 1. d4 Nf6 2. c4 g6 3. Nc3 Bg7 4. e4 d6 5. f4 O-O 6. Nf3 c5 7. d5 e6 8.
Be2 exd5 9. cxd5 Re8 10. Nd2 {The King Indian transformed into Modern Benoni,
where my partner did not have big experiance.} Na6 11. O-O Nc7 12. a4 b6 13.
Re1 h5 {Vugar choose very risky plan. I think better was to continiue playing
on queen side.} (13... Rb8) 14. h3 a6 $6 (14... Rb8 {again was better}) (14...
Ng4 $2 15. Nf3 $1 $14) 15. Bf3 Ng4 $2 {Diagram [#] It,s hard to advice
anything better, but this lose immediately.} 16. e5 $1 {White has too many
pieces in defence, and black is attacking with only two.} Qh4 17. Nde4 dxe5 18.
f5 $1 {Diagram [#]} Bh6 (18... Bxf5 19. Bg5) 19. hxg4 Bxc1 20. g3 Qd8 21. Qxc1
hxg4 22. f6 Rf8 23. Qh6 Ne8 24. Re2 1-0

[Event "RUS-chT2"]
[Site "Podolsk"]
[Date "1993.??.??"]
[Round "?"]
[White "Arakelian, Eduard"]
[Black "Ibragimov, Ildar"]
[Result "1/2-1/2"]
[WhiteElo "2300"]
[BlackElo "2540"]
[Annotator "Chekhov,V"]
[PlyCount "70"]
[EventDate "1993.??.??"]
[EventType "team"]
[EventRounds "9"]
[EventCountry "RUS"]
[SourceTitle "CBM 038"]
[Source "ChessBase"]
[SourceDate "1994.02.01"]
[SourceVersion "1"]
[SourceVersionDate "1994.02.01"]
[SourceQuality "1"]

1. d4 Nf6 2. c4 g6 3. Nc3 Bg7 4. e4 d6 5. f4 O-O 6. Nf3 c5 7. d5 e6 (7... b5 $5
) 8. Be2 exd5 9. cxd5 Re8 (9... Bg4 $5) 10. Nd2 (10. e5 $5) 10... Na6 $5 (10...
a6 11. a4 Ng4 12. Bxg4 Qh4+ 13. g3 Qxg4 14. Qxg4 Bxg4 15. Kf2 Nd7 16. h3 Bd4+
17. Kg2 Bxc3 18. bxc3 Be2 19. Re1 Bd3 20. Re3 c4 21. Ba3 Nb6 22. Bxd6 Nxd5 23.
Rxd3 $1 (23. Ree1 Nxc3 $17 {Pomar,S-Szabo,S Beverwijk 1967/}) 23... cxd3 24. c4
$44 {Boleslavsky/}) 11. O-O Rb8 (11... Nc7 $5 12. a4 a6 13. Bf3 Rb8 14. Nc4 b5
15. axb5 axb5 16. Na5 Bd7 17. e5 dxe5 18. d6 $44 {Baranov,B-Vilup,P SSSR 1960/}
) 12. Kh1 $5 (12. h3 c4 $5 13. Bxc4 b5 14. Bd3 Nc5 15. Bxb5 Rxb5 16. Nxb5 Qb6
17. a4 Nb3+ $132 {Zaitsev,A-Altshuler,R corr 1965/}) (12. a4 Nb4 13. Bf3 b6 14.
Nc4 Ba6 15. Qb3 Rb7 16. g3 Rbe7 $11 {Rubinetti,J-Garcia,R Buenos Aires 1969/})
(12. Rb1 $5 c4 $5 13. Bxc4 b5 14. Bd3 Nc5 $132) 12... Nc7 13. a4 a6 $146 (13...
h5 $5 14. f5 $1 a6 15. a5 gxf5 16. Bxh5 Nb5 17. exf5 Re5 18. Bf3 Rxf5 19. Nc4 {
Gurevich,M-Smirin,I SSSR 1988} Nd4 $5 20. Be3 Nxf3 21. gxf3 $1 $14) 14. a5 Bd7
15. Bf3 Bb5 16. Re1 Bd3 $1 $132 17. Qb3 Qd7 18. Nc4 Bxc4 19. Qxc4 Nb5 (19... b5
$5 20. axb6 Rxb6 $13) 20. Be3 Nd4 (20... Nxc3 $5 21. bxc3 Qb5 22. Ra4) 21. Bxd4
cxd4 22. Na4 Qd8 23. Qb4 Nd7 $1 24. Bg4 $5 (24. Qxd6 $4 Bf8 $19) (24. Rad1 $5)
24... h5 25. Bf3 (25. Bxd7 Qxd7 26. Nb6 Qg4 27. Qxd6 d3 $132) 25... Qf6 26. g3
g5 27. Qd2 gxf4 28. gxf4 Bh6 29. Bxh5 Bxf4 30. Qg2+ Kh8 (30... Kf8 31. Rf1 {
/\Qf3/}) 31. Rf1 Qh4 32. Bxf7 Rf8 33. Ra3 $1 (33. Rf3 $2 Rxf7 34. Rh3 Qxh3 35.
Qxh3+ Rh7 36. Qg2 Rg8 37. Qf2 Rxh2+ 38. Qxh2+ Bxh2 39. Kxh2 Ne5 $17) 33... Be3
(33... Rxf7 34. Rh3 Qxh3 35. Qxh3+ Rh7 36. Qxh7+ Kxh7 37. Rxf4 Ne5 38. Kg2 $132
) 34. Rf3 Qe1+ 35. Rf1 Qh4 1/2-1/2

[Event "Interzonal-15"]
[Site "Manila"]
[Date "1990.??.??"]
[Round "12"]
[White "Lputian, Smbat G"]
[Black "Cabrilo, Goran"]
[Result "1/2-1/2"]
[WhiteElo "2575"]
[BlackElo "2485"]
[Annotator "ChessBase"]
[PlyCount "180"]
[EventDate "1990.06.29"]
[EventType "swiss"]
[EventRounds "13"]
[EventCountry "PHI"]
[SourceTitle "CBM 019"]
[Source "ChessBase"]
[SourceDate "1990.12.01"]
[SourceVersion "1"]
[SourceVersionDate "1990.12.01"]
[SourceQuality "1"]

1. d4 Nf6 2. c4 g6 3. Nc3 Bg7 4. e4 d6 5. Be2 O-O 6. Nf3 c5 7. d5 e6 8. O-O Re8
9. Nd2 Na6 10. f4 exd5 11. cxd5 Nc7 12. a4 b6 13. Bf3 Ba6 14. Re1 Rb8 15. Ndb1
Nd7 16. Be3 c4 17. Bd4 Bh6 18. g3 Nc5 19. Nd2 Nd3 20. Re2 Nxb2 21. Qb1 Nd3 22.
Nb5 Rc8 23. Nxa7 c3 24. Nxc8 Qxc8 25. Re3 Nxf4 26. Rxc3 Nh3+ 27. Kg2 Bxd2 28.
Rxc7 Qxc7 29. Kxh3 Bc3 30. Qc2 Rc8 31. Rc1 Bf1+ 32. Kg4 h5+ 33. Kf4 Bd2+ 34.
Qxd2 Qxc1 35. Qxc1 Rxc1 36. Bxb6 Kf8 37. Bd8 Ke8 38. Bf6 Rc4 39. a5 Ra4 40. Bc3
Ke7 41. h4 f6 42. Ke3 Ba6 43. Bd1 Rc4 44. Bd2 Rc8 45. Ba4 Rg8 46. Bd1 Rb8 47.
Bc3 Rb1 48. Kd2 Bc8 49. Kc2 Rb8 50. Be2 Ra8 51. Kb3 Rb8+ 52. Bb4 Kd8 53. Ka3
Ke7 54. Bd3 Kd7 55. Bc3 Ra8 56. Ka4 Ke7 57. Bb5 Bb7 58. Bc6 Bxc6+ 59. dxc6 Rc8
60. Kb5 Rb8+ 61. Kc4 Kd8 62. Kd5 Kc7 63. a6 Rb5+ 64. Ke6 Kxc6 65. a7 Kb7 66.
Kxd6 Kxa7 67. Bxf6 Kb7 68. e5 Rb3 69. e6 Rd3+ 70. Ke7 Kc8 71. Kf8 Re3 72. Kf7
Re2 73. Bg5 Re4 74. Ke7 Re2 75. Kd6 Re1 76. Bf6 Rd1+ 77. Kc6 Rc1+ 78. Kd6 Rd1+
$1 $8 (78... Re1 79. e7 {/\Be5}) 79. Ke7 (79. Kc6 Re1 $10) 79... Re1 80. Kf7
Re3 81. Bg5 Re2 82. e7 (82. Kxg6 Rxe6+ 83. Kxh5 Kd7 $10) 82... Kd7 83. Kxg6 Rg2
$1 $8 84. Kf7 Re2 85. Bf6 Re1 86. Bg5 (86. g4 $5 hxg4 87. h5 g3 88. h6 g2 89.
h7 g1=Q 90. h8=Q Rxe7+ $10) 86... Re2 87. Kg6 Rg2 88. Kxh5 Rxg3 89. Kg6 Ke8 90.
h5 Rxg5+ $1 (90... Rxg5+ 91. Kxg5 Kxe7 92. Kg6 Kf8 93. h6 (93. Kh7 Kf7 94. h6
Kf8 95. Kh8 Kf7 96. h7 $10) 93... Kg8 94. h7+ Kh8 $10) 1/2-1/2

[Event "Balatonbereny op"]
[Site "Balatonbereny"]
[Date "1985.09.30"]
[Round "6"]
[White "Farago, Sandor"]
[Black "Petran, Pal"]
[Result "0-1"]
[WhiteElo "2340"]
[BlackElo "2430"]
[Annotator "ChessBase"]
[PlyCount "73"]
[EventDate "1985.09.25"]
[EventType "swiss"]
[EventRounds "11"]
[EventCountry "HUN"]
[SourceTitle "MCL"]
[Source "ChessBase"]
[SourceDate "1999.07.01"]
[SourceVersion "1"]
[SourceVersionDate "1999.07.01"]
[SourceQuality "1"]

1. d4 Nf6 2. c4 c5 3. d5 e6 4. Nc3 exd5 5. cxd5 d6 6. Nf3 g6 7. Nd2 Nbd7 8. e4
Bg7 9. Be2 O-O 10. O-O Re8 11. f4 c4 12. Kh1 Nc5 13. e5 dxe5 14. Nxc4 e4 15. f5
Bxf5 16. Bf4 Nd3 17. Bxd3 exd3 18. Nd6 Qd7 19. Nxe8 Rxe8 20. Qb3 Ne4 21. Nd1
Bg4 22. Nf2 Nxf2+ 23. Rxf2 Be2 24. Bd2 Bd4 25. Rf4 Be5 26. Rf2 Qg4 27. Qxb7
$138 Rf8 $138 28. Qb4 Qh5 29. Bf4 Rb8 30. Qe4 Bxf4 31. Qxf4 Rf8 32. Qd4 Rd8 33.
d6 Qg4 34. Rf4 Qe6 35. Rf6 Qg4 36. Qxa7 Rd7 37. Qd4 $4 (37. Qe3 $142) (37. Qd4
Qxd4 $19) 0-1